[Event "2025 National K-12 Grade Championship"]
[Site "Spokane, WI USA, United States"]
[Date "2025.12.13"]
[Round "4.14"]
[White "Cherukuri, Nitesh"]
[Black "Sargsyan, Vahan"]
[Result "1-0"]
[TimeControl "G/90; d10"]
[WhiteTitle "FM"]
[WhiteFideId "30978688"]
[BlackFideId "150267502"]
[WhiteElo "2338"]
[BlackElo "1921"]

1. e4 {[%clk 01:29:43]} {[%emt 00:00:26]} c5 {[%clk 01:30:00]} {[%emt
00:00:04]} 2. Nf3 {[%clk 01:29:43]} {[%emt 00:00:09]} d6 {[%clk 01:30:00]}
{[%emt 00:00:05]} 3. Bb5+ {[%clk 01:29:23]} {[%emt 00:00:31]} Nd7 {[%clk
01:30:00]} {[%emt 00:00:07]} 4. O-O {[%clk 01:29:23]} {[%emt 00:00:06]} a6
{[%clk 01:29:56]} {[%emt 00:00:15]} 5. Be2 {[%clk 01:29:23]} {[%emt 00:00:08]}
Ngf6 {[%clk 01:29:56]} {[%emt 00:00:06]} 6. d3 {[%clk 01:29:23]} {[%emt
00:00:05]} g6 {[%clk 01:29:56]} {[%emt 00:00:10]} 7. c4 {[%clk 01:29:23]}
{[%emt 00:00:02]} Bg7 {[%clk 01:29:25]} {[%emt 00:00:41]} 8. Nc3 {[%clk
01:29:23]} {[%emt 00:00:02]} O-O {[%clk 01:28:34]} {[%emt 00:01:00]} 9. d4
{[%clk 01:29:23]} {[%emt 00:00:04]} cxd4 {[%clk 01:25:58]} {[%emt 00:02:46]} 10.
Nxd4 {[%clk 01:29:23]} {[%emt 00:00:05]} Nc5 {[%clk 01:25:18]} {[%emt
00:00:49]} 11. f3 {[%clk 01:29:23]} {[%emt 00:00:07]} Nfd7 {[%clk 01:21:01]}
{[%emt 00:04:27]} 12. Be3 {[%clk 01:28:27]} {[%emt 00:01:06]} e6 {[%clk
01:18:43]} {[%emt 00:02:27]} 13. b4 {[%clk 01:26:44]} {[%emt 00:01:53]} e5
{[%clk 01:17:34]} {[%emt 00:01:19]} 14. Nc2 {[%clk 01:25:16]} {[%emt 00:01:38]}
Ne6 {[%clk 01:16:58]} {[%emt 00:00:46]} 15. Qxd6 {[%clk 01:25:03]} {[%emt
00:00:22]} Re8 {[%clk 01:14:18]} {[%emt 00:02:50]} 16. Rad1 {[%clk 01:23:51]}
{[%emt 00:01:22]} Nd4 {[%clk 01:03:25]} {[%emt 00:11:03]} 17. Nxd4 {[%clk
01:22:19]} {[%emt 00:01:42]} exd4 {[%clk 01:01:41]} {[%emt 00:01:54]} 18. Bxd4
{[%clk 01:22:19]} {[%emt 00:00:06]} Re6 {[%clk 01:00:18]} {[%emt 00:01:33]} 19.
Qf4 {[%clk 01:22:04]} {[%emt 00:00:25]} Bxd4+ {[%clk 00:52:50]} {[%emt
00:07:38]} 20. Rxd4 {[%clk 01:21:50]} {[%emt 00:00:24]} a5 {[%clk 00:51:07]}
{[%emt 00:01:54]} 21. b5 {[%clk 01:21:28]} {[%emt 00:00:31]} Qb6 {[%clk
00:46:58]} {[%emt 00:04:19]} 22. Rfd1 {[%clk 01:21:28]} {[%emt 00:00:06]} Nf8
{[%clk 00:45:40]} {[%emt 00:01:27]} 23. Kf1 {[%clk 01:21:28]} {[%emt 00:00:07]}
g5 {[%clk 00:43:02]} {[%emt 00:02:47]} 24. Qxg5+ {[%clk 01:21:28]} {[%emt
00:00:07]} Rg6 {[%clk 00:43:02]} {[%emt 00:00:05]} 25. Nd5 {[%clk 01:21:12]}
{[%emt 00:00:26]} Qxd4 {[%clk 00:36:31]} {[%emt 00:06:41]} 26. Ne7+ {[%clk
01:21:12]} {[%emt 00:00:02]} Kg7 {[%clk 00:35:51]} {[%emt 00:00:50]} 27. Nxg6
{[%clk 01:21:12]} {[%emt 00:00:02]} Qxd1+ {[%clk 00:33:40]} {[%emt 00:02:21]}
28. Bxd1 {[%clk 01:21:12]} {[%emt 00:00:02]} hxg6 {[%clk 00:33:35]} {[%emt
00:00:15]} 29. Qe5+ {[%clk 01:21:12]} {[%emt 00:00:06]} Kh7 {[%clk 00:33:26]}
{[%emt 00:00:18]} 30. Qe8 {[%clk 01:21:12]} {[%emt 00:00:03]} Kg7 {[%clk
00:33:15]} {[%emt 00:00:21]} 31. c5 {[%clk 01:21:12]} {[%emt 00:00:02]} b6
{[%clk 00:32:06]} {[%emt 00:01:19]} 32. Bb3 {[%clk 01:21:12]} 1-0

[Event "2025 National K-12 Grade Championship"]
[Site "Spokane, WI USA, United States"]
[Date "2025.12.13"]
[Round "4.15"]
[White "Zhu, Ryan"]
[Black "Williams, Christopher J"]
[Result "1-0"]
[TimeControl "G/90; d10"]
[WhiteFideId "30951828"]
[BlackFideId "39908283"]
[WhiteElo "2101"]
[BlackElo "2049"]

1. e4 {[%clk 01:30:00]} {[%emt 00:00:02]} c5 {[%clk 01:30:00]} {[%emt
00:00:05]} 2. Nf3 {[%clk 01:30:00]} {[%emt 00:00:08]} d6 {[%clk 01:29:54]}
{[%emt 00:00:17]} 3. Nc3 {[%clk 01:29:18]} {[%emt 00:00:52]} Nf6 {[%clk
01:29:54]} {[%emt 00:00:08]} 4. e5 {[%clk 01:29:18]} {[%emt 00:00:07]} dxe5
{[%clk 01:29:53]} {[%emt 00:00:11]} 5. Nxe5 {[%clk 01:29:18]} {[%emt 00:00:05]}
a6 {[%clk 01:29:51]} {[%emt 00:00:12]} 6. a4 {[%clk 01:29:18]} {[%emt
00:00:04]} e6 {[%clk 01:28:08]} {[%emt 00:01:53]} 7. g3 {[%clk 01:29:18]}
{[%emt 00:00:09]} Nbd7 {[%clk 01:28:02]} {[%emt 00:00:16]} 8. Nc4 {[%clk
01:29:18]} {[%emt 00:00:08]} Nb6 {[%clk 01:27:39]} {[%emt 00:00:33]} 9. b3
{[%clk 01:29:18]} {[%emt 00:00:07]} Be7 {[%clk 01:27:23]} {[%emt 00:00:27]} 10.
Bg2 {[%clk 01:26:41]} {[%emt 00:02:45]} O-O {[%clk 01:26:15]} {[%emt 00:01:20]}
11. O-O {[%clk 01:25:06]} {[%emt 00:01:44]} Rb8 {[%clk 01:24:32]} {[%emt
00:01:54]} 12. a5 {[%clk 01:21:09]} {[%emt 00:04:08]} Nxc4 {[%clk 01:19:57]}
{[%emt 00:04:44]} 13. bxc4 {[%clk 01:20:11]} {[%emt 00:01:07]} Qc7 {[%clk
01:17:12]} {[%emt 00:02:56]} 14. d3 {[%clk 01:16:36]} {[%emt 00:03:46]} Bd7
{[%clk 01:17:02]} {[%emt 00:00:21]} 15. Qe2 {[%clk 01:11:49]} {[%emt 00:04:56]}
Bc6 {[%clk 01:16:55]} {[%emt 00:00:17]} 16. Bd2 {[%clk 01:10:09]} {[%emt
00:01:50]} Bxg2 {[%clk 01:15:02]} {[%emt 00:02:02]} 17. Kxg2 {[%clk 01:10:09]}
{[%emt 00:00:09]} Qc6+ {[%clk 01:15:02]} {[%emt 00:00:05]} 18. Qf3 {[%clk
01:09:17]} {[%emt 00:01:02]} Qxf3+ {[%clk 01:14:54]} {[%emt 00:00:18]} 19. Kxf3
{[%clk 01:09:17]} {[%emt 00:00:05]} Bd6 {[%clk 01:14:49]} {[%emt 00:00:16]} 20.
Rfb1 {[%clk 01:08:17]} {[%emt 00:01:09]} Nd7 {[%clk 01:13:31]} {[%emt
00:01:29]} 21. Ne4 {[%clk 01:06:39]} {[%emt 00:01:47]} Be5 {[%clk 01:09:54]}
{[%emt 00:03:48]} 22. Ra3 {[%clk 01:05:58]} {[%emt 00:00:50]} Rfc8 {[%clk
01:04:49]} {[%emt 00:05:16]} 23. Rab3 {[%clk 01:04:11]} {[%emt 00:01:57]} Rc7
{[%clk 01:04:44]} {[%emt 00:00:15]} 24. Ke2 {[%clk 01:03:25]} {[%emt 00:00:56]}
Kf8 {[%clk 01:01:14]} {[%emt 00:03:41]} 25. f4 {[%clk 01:01:39]} {[%emt
00:01:56]} Bf6 {[%clk 01:01:14]} {[%emt 00:00:10]} 26. Kf3 {[%clk 00:52:38]}
{[%emt 00:09:11]} Be7 {[%clk 01:00:46]} {[%emt 00:00:38]} 27. Bc3 {[%clk
00:52:34]} {[%emt 00:00:13]} f6 {[%clk 00:58:05]} {[%emt 00:02:52]} 28. Bd2
{[%clk 00:50:51]} {[%emt 00:01:52]} Ke8 {[%clk 00:56:59]} 29. g4 {[%clk
00:50:51]} Kd8 {[%clk 00:51:58]} {[%emt 00:11:11]} 30. f5 {[%clk 00:44:33]} e5
{[%clk 00:50:58]} {[%emt 00:03:05]} 31. Nc3 {[%emt 00:02:22]} Nf8 {[%clk
00:41:27]} {[%emt 00:09:35]} 32. Rb6 {[%clk 00:41:15]} {[%emt 00:01:22]} Kc8
{[%clk 00:40:26]} {[%emt 00:01:12]} 33. Nd5 {[%clk 00:39:13]} {[%emt 00:02:11]}
Rd7 {[%clk 00:40:26]} {[%emt 00:00:07]} 34. Be3 {[%clk 00:37:59]} Bd6 {[%clk
00:37:28]} {[%emt 00:04:31]} 35. Ke4 {[%clk 00:37:24]} Bc7 {[%clk 00:36:07]}
{[%emt 00:02:17]} 36. Bxc5 {[%clk 00:35:33]} Bxb6 {[%clk 00:34:44]} {[%emt
00:03:34]} 37. Nxb6+ {[%clk 00:33:35]} {[%emt 00:01:53]} Kc7 38. Nd5+ {[%emt
00:01:38]} Rxd5 {[%clk 00:33:50]} 39. cxd5 {[%clk 00:33:30]} {[%emt 00:00:15]}
Nd7 {[%clk 00:33:29]} {[%emt 00:00:31]} 40. Be3 {[%clk 00:33:30]} {[%emt
00:00:08]} Kd6 {[%clk 00:29:51]} {[%emt 00:03:50]} 41. c4 {[%clk 00:33:18]}
{[%emt 00:00:22]} h5 {[%clk 00:29:29]} {[%emt 00:00:32]} 42. Ba7 {[%clk
00:30:36]} {[%emt 00:02:51]} Rh8 {[%clk 00:27:50]} {[%emt 00:01:50]} 43. Rxb7
{[%clk 00:30:13]} {[%emt 00:00:33]} hxg4 {[%clk 00:27:38]} {[%emt 00:00:22]} 44.
d4 {[%clk 00:29:57]} {[%emt 00:00:26]} exd4 {[%clk 00:24:15]} {[%emt 00:03:33]}
45. Kxd4 {[%clk 00:28:51]} {[%emt 00:01:14]} Rh4 {[%clk 00:23:50]} {[%emt
00:00:35]} 46. Bb8+ {[%clk 00:28:07]} {[%emt 00:00:55]} Ke7 {[%clk 00:23:50]}
{[%emt 00:00:08]} 47. Bg3 {[%clk 00:28:07]} {[%emt 00:00:08]} Rh5 {[%clk
00:23:09]} {[%emt 00:00:51]} 48. c5 {[%clk 00:28:03]} {[%emt 00:00:13]} Kd8
{[%clk 00:23:08]} {[%emt 00:00:12]} 49. c6 {[%clk 00:27:58]} {[%emt 00:00:16]}
Ne5 {[%clk 00:23:08]} {[%emt 00:00:06]} 50. Bxe5 {[%clk 00:27:21]} {[%emt
00:00:46]} fxe5+ {[%clk 00:23:08]} {[%emt 00:00:09]} 51. Kxe5 {[%clk 00:27:21]}
{[%emt 00:00:06]} Rxh2 {[%clk 00:22:48]} {[%emt 00:00:31]} 52. d6 {[%clk
00:27:21]} {[%emt 00:00:07]} Kc8 {[%clk 00:21:58]} {[%emt 00:01:00]} 53. d7+
{[%clk 00:27:21]} {[%emt 00:00:09]} 1-0

[Event "2025 National K-12 Grade Championship"]
[Site "Spokane, WI USA, United States"]
[Date "2025.12.13"]
[Round "4.16"]
[White "Kaul, Krrish"]
[Black "Thimmasamudram, Sandeep"]
[Result "0-1"]
[TimeControl "G/90; d10"]
[WhiteFideId "39924440"]
[BlackFideId "30983100"]
[WhiteElo "1946"]
[BlackElo "2084"]

1. e4 {[%clk 01:30:00]} {[%emt 00:00:01]} c5 {[%clk 01:30:00]} {[%emt
00:00:07]} 2. Nc3 {[%clk 01:30:00]} {[%emt 00:00:04]} Nc6 {[%clk 01:30:00]}
{[%emt 00:00:06]} 3. Bb5 {[%clk 01:30:00]} {[%emt 00:00:04]} g6 {[%clk
01:30:00]} {[%emt 00:00:08]} 4. Bxc6 {[%clk 01:30:00]} {[%emt 00:00:06]} dxc6
{[%clk 01:30:00]} {[%emt 00:00:04]} 5. d3 {[%clk 01:30:00]} {[%emt 00:00:09]}
Bg7 {[%clk 01:30:00]} {[%emt 00:00:06]} 6. f4 {[%clk 01:30:00]} {[%emt
00:00:06]} e5 {[%clk 01:27:58]} {[%emt 00:02:13]} 7. Nf3 {[%clk 01:29:45]}
{[%emt 00:00:25]} exf4 {[%clk 01:26:44]} {[%emt 00:01:24]} 8. Bxf4 {[%clk
01:29:31]} {[%emt 00:00:24]} Ne7 {[%clk 01:26:44]} {[%emt 00:00:09]} 9. O-O
{[%clk 01:29:18]} {[%emt 00:00:23]} O-O {[%clk 01:26:44]} {[%emt 00:00:04]} 10.
Qe1 {[%clk 01:27:45]} {[%emt 00:01:42]} Bg4 {[%clk 01:06:28]} {[%emt 00:20:26]}
11. Qh4 {[%clk 01:25:24]} {[%emt 00:02:31]} Qd7 {[%clk 01:02:55]} {[%emt
00:03:43]} 12. Kh1 {[%clk 01:21:55]} {[%emt 00:03:38]} f6 {[%clk 01:00:31]}
{[%emt 00:02:35]} 13. Be3 {[%clk 01:18:55]} {[%emt 00:03:09]} b6 {[%clk
00:59:29]} {[%emt 00:01:13]} 14. h3 {[%clk 01:17:54]} {[%emt 00:01:10]} Be6
{[%clk 00:46:05]} {[%emt 00:13:34]} 15. Ne2 {[%clk 01:16:29]} {[%emt 00:01:35]}
g5 {[%clk 00:42:22]} {[%emt 00:03:54]} 16. Qg3 {[%clk 01:09:50]} {[%emt
00:06:49]} h6 {[%clk 00:39:34]} {[%emt 00:02:59]} 17. h4 {[%clk 01:05:48]}
{[%emt 00:04:12]} Rae8 {[%clk 00:31:01]} {[%emt 00:08:43]} 18. hxg5 {[%clk
01:03:19]} {[%emt 00:02:39]} fxg5 {[%clk 00:30:46]} {[%emt 00:00:24]} 19. Qh2
{[%clk 00:52:33]} {[%emt 00:10:55]} Ng6 {[%clk 00:29:38]} {[%emt 00:01:19]} 20.
Rad1 {[%clk 00:48:51]} {[%emt 00:03:51]} Bg4 {[%clk 00:26:18]} {[%emt
00:03:32]} 21. Ng3 {[%clk 00:41:55]} {[%emt 00:07:06]} Nh4 {[%clk 00:15:48]}
{[%emt 00:10:40]} 22. Nxh4 {[%clk 00:32:24]} {[%emt 00:09:40]} gxh4 {[%clk
00:15:39]} {[%emt 00:00:19]} 23. Qxh4 {[%clk 00:32:01]} {[%emt 00:00:34]} Bxd1
{[%clk 00:15:39]} {[%emt 00:00:09]} 24. Rxd1 {[%clk 00:32:01]} {[%emt
00:00:07]} Qe7 {[%clk 00:14:18]} {[%emt 00:01:31]} 25. Qg4 {[%clk 00:30:43]}
{[%emt 00:01:27]} Kh7 {[%clk 00:12:38]} {[%emt 00:01:51]} 26. Nf5 {[%clk
00:25:40]} {[%emt 00:05:13]} Qf6 {[%clk 00:12:27]} {[%emt 00:00:20]} 27. Rf1
{[%clk 00:24:43]} {[%emt 00:01:07]} Qg6 {[%clk 00:11:28]} {[%emt 00:01:10]} 28.
Qh4 {[%clk 00:24:01]} {[%emt 00:00:51]} h5 {[%clk 00:05:41]} {[%emt 00:05:58]}
29. Rf3 {[%clk 00:22:25]} {[%emt 00:01:44]} Be5 {[%clk 00:04:47]} {[%emt
00:01:05]} 30. Rh3 {[%clk 00:11:08]} {[%emt 00:11:26]} Rg8 {[%clk 00:03:38]}
{[%emt 00:01:20]} 31. Qxh5+ {[%clk 00:08:21]} {[%emt 00:02:57]} Qxh5 {[%clk
00:03:38]} {[%emt 00:00:03]} 32. Rxh5+ {[%clk 00:08:21]} {[%emt 00:00:02]} Kg6
{[%clk 00:03:38]} {[%emt 00:00:01]} 33. Rh6+ {[%clk 00:08:15]} {[%emt
00:00:15]} Kf7 {[%clk 00:03:38]} {[%emt 00:00:02]} 34. Rh7+ {[%clk 00:06:54]}
{[%emt 00:01:31]} Kf6 {[%clk 00:03:38]} {[%emt 00:00:03]} 35. Rxa7 {[%clk
00:05:59]} {[%emt 00:01:05]} Ra8 {[%clk 00:03:38]} {[%emt 00:00:09]} 36. Rh7
{[%clk 00:03:50]} {[%emt 00:02:19]} Rxa2 {[%clk 00:03:38]} {[%emt 00:00:10]} 37.
Rh6+ {[%clk 00:03:36]} {[%emt 00:00:23]} Rg6 {[%clk 00:03:32]} {[%emt
00:00:15]} 38. Rxg6+ {[%clk 00:03:13]} {[%emt 00:00:34]} Kxg6 {[%clk 00:03:32]}
{[%emt 00:00:03]} 39. Ne7+ {[%clk 00:03:13]} {[%emt 00:00:02]} Kf6 {[%clk
00:03:15]} {[%emt 00:00:27]} 40. Nf5 {[%clk 00:02:44]} {[%emt 00:00:39]} Ra1+
{[%clk 00:03:15]} {[%emt 00:00:08]} 41. Bg1 {[%clk 00:02:44]} {[%emt 00:00:04]}
Bxb2 {[%clk 00:02:38]} {[%emt 00:00:48]} 42. g4 {[%clk 00:02:44]} {[%emt
00:00:10]} Bd4 {[%clk 00:02:20]} {[%emt 00:00:28]} 43. Nxd4 {[%clk 00:02:44]}
{[%emt 00:00:08]} cxd4 {[%clk 00:02:20]} {[%emt 00:00:02]} 44. Kg2 {[%clk
00:02:44]} {[%emt 00:00:02]} c5 {[%clk 00:02:20]} {[%emt 00:00:06]} 45. Bh2
{[%clk 00:02:44]} {[%emt 00:00:07]} Rc1 {[%clk 00:02:18]} {[%emt 00:00:12]} 46.
Kf3 {[%clk 00:02:44]} {[%emt 00:00:10]} Rxc2 {[%clk 00:02:18]} {[%emt
00:00:07]} 47. Bc7 {[%clk 00:02:44]} {[%emt 00:00:03]} b5 {[%clk 00:02:18]}
{[%emt 00:00:03]} 48. e5+ {[%clk 00:02:39]} {[%emt 00:00:14]} Ke6 {[%clk
00:02:18]} {[%emt 00:00:02]} 49. g5 {[%clk 00:02:39]} {[%emt 00:00:02]} Rd2
{[%clk 00:01:43]} {[%emt 00:00:45]} 50. Ke4 {[%clk 00:02:39]} {[%emt 00:00:02]}
Re2+ {[%clk 00:01:43]} {[%emt 00:00:02]} 51. Kf4 {[%clk 00:02:39]} {[%emt
00:00:04]} b4 {[%clk 00:01:36]} {[%emt 00:00:18]} 52. g6 {[%clk 00:02:17]}
{[%emt 00:00:32]} Rg2 {[%clk 00:01:36]} {[%emt 00:00:10]} 53. Bb6 {[%clk
00:02:02]} {[%emt 00:00:25]} b3 {[%clk 00:01:36]} {[%emt 00:00:08]} 54. Bxc5
{[%clk 00:02:02]} {[%emt 00:00:08]} b2 {[%clk 00:01:36]} {[%emt 00:00:02]} 55.
g7 {[%clk 00:02:02]} {[%emt 00:00:04]} Rxg7 {[%clk 00:01:36]} {[%emt 00:00:03]}
56. Bxd4 {[%clk 00:02:02]} {[%emt 00:00:04]} b1=Q {[%clk 00:01:36]} {[%emt
00:00:02]} 57. Ke4 {[%clk 00:02:02]} {[%emt 00:00:04]} Qh1+ {[%clk 00:01:33]}
{[%emt 00:00:14]} 58. Ke3 {[%clk 00:02:02]} {[%emt 00:00:04]} Qg1+ {[%clk
00:01:33]} {[%emt 00:00:04]} 59. Ke4 {[%clk 00:02:02]} {[%emt 00:00:03]} Qg2+
{[%clk 00:01:33]} {[%emt 00:00:10]} 60. Ke3 {[%clk 00:02:02]} {[%emt 00:00:07]}
Rg3+ {[%clk 00:01:33]} {[%emt 00:00:02]} 61. Kf4 {[%clk 00:02:02]} {[%emt
00:00:02]} Qf3# {[%clk 00:01:33]} {[%emt 00:00:02]} 0-1

[Event "2025 National K-12 Grade Championship"]
[Site "Spokane, WI USA, United States"]
[Date "2025.12.13"]
[Round "4.17"]
[White "Iyengar, Varun"]
[Black "Jammalamadaka, Vihaan"]
[Result "1/2-1/2"]
[TimeControl "G/90; d10"]
[BlackTitle "CM"]
[WhiteFideId "150096853"]
[BlackFideId "30977134"]
[WhiteElo "1945"]
[BlackElo "2191"]

1. d4 {[%emt 00:00:55]} d5 {[%clk 01:28:44]} {[%emt 00:00:34]} 2. Nc3 {[%emt
00:01:05]} Nf6 {[%clk 01:26:55]} {[%emt 00:01:20]} 3. Bf4 {[%clk 01:29:37]}
{[%emt 00:00:16]} g6 {[%clk 01:26:55]} {[%emt 00:00:09]} 4. e3 {[%clk
01:29:28]} {[%emt 00:00:18]} Bg7 {[%clk 01:26:42]} {[%emt 00:00:23]} 5. h4
{[%clk 01:29:13]} {[%emt 00:00:25]} h5 {[%clk 01:26:30]} {[%emt 00:00:23]} 6.
Nf3 {[%clk 01:29:00]} {[%emt 00:00:22]} O-O {[%clk 01:26:16]} {[%emt 00:00:25]}
7. Ne5 {[%clk 01:28:52]} {[%emt 00:00:18]} c5 {[%clk 01:25:31]} {[%emt
00:00:55]} 8. f3 {[%emt 00:01:28]} cxd4 {[%clk 01:24:29]} 9. exd4 {[%clk
01:28:46]} {[%emt 00:00:10]} Nc6 {[%clk 01:24:29]} {[%emt 00:00:05]} 10. Qd2
{[%clk 01:28:37]} {[%emt 00:00:18]} Bf5 {[%clk 01:23:40]} {[%emt 00:00:59]} 11.
Bb5 {[%clk 01:28:08]} {[%emt 00:00:39]} Nb4 {[%clk 00:59:35]} {[%emt 00:24:15]}
12. Ba4 {[%clk 01:27:08]} {[%emt 00:01:10]} Rc8 {[%clk 00:56:05]} {[%emt
00:03:40]} 13. a3 {[%clk 01:14:15]} {[%emt 00:13:03]} Nc6 {[%clk 00:54:34]}
{[%emt 00:01:41]} 14. O-O-O {[%clk 00:53:59]} {[%emt 00:20:25]} Qa5 {[%clk
00:35:50]} {[%emt 00:18:54]} 15. g4 {[%clk 00:39:07]} {[%emt 00:15:01]} Nxe5
{[%clk 00:29:31]} {[%emt 00:06:30]} 16. dxe5 {[%clk 00:38:45]} {[%emt
00:00:31]} Rxc3 {[%clk 00:27:03]} {[%emt 00:02:39]} 17. Qxc3 {[%clk 00:32:13]}
{[%emt 00:06:42]} Qxa4 {[%clk 00:26:21]} {[%emt 00:00:52]} 18. Rd4 {[%clk
00:30:58]} {[%emt 00:01:25]} Qb5 {[%clk 00:18:53]} {[%emt 00:07:38]} 19. gxf5
{[%clk 00:29:29]} {[%emt 00:01:39]} Nd7 {[%clk 00:18:49]} {[%emt 00:00:13]} 20.
Qd3 {[%clk 00:20:01]} {[%emt 00:09:37]} Qc6 {[%clk 00:15:33]} {[%emt 00:03:27]}
21. Rxd5 {[%clk 00:17:46]} {[%emt 00:02:25]} Nc5 {[%clk 00:12:59]} {[%emt
00:02:43]} 22. Qc4 {[%clk 00:16:59]} {[%emt 00:00:57]} b6 {[%clk 00:12:59]}
{[%emt 00:00:01]} 23. fxg6 {[%clk 00:12:43]} {[%emt 00:04:26]} Qxg6 {[%clk
00:12:22]} {[%emt 00:00:47]} 24. Be3 {[%clk 00:11:39]} {[%emt 00:01:13]} e6
{[%clk 00:07:14]} {[%emt 00:05:19]} 25. Rdd1 {[%clk 00:10:28]} {[%emt
00:01:21]} Kh8 {[%clk 00:06:26]} {[%emt 00:00:58]} 26. Rhg1 {[%clk 00:09:29]}
{[%emt 00:01:09]} Qf5 {[%clk 00:05:34]} {[%emt 00:01:02]} 27. Bxc5 {[%clk
00:03:27]} {[%emt 00:06:12]} bxc5 {[%clk 00:05:01]} {[%emt 00:00:43]} 28. Qe4
{[%clk 00:02:33]} {[%emt 00:01:04]} Qxe4 {[%clk 00:04:20]} {[%emt 00:00:51]} 29.
fxe4 {[%clk 00:02:33]} {[%emt 00:00:02]} Bxe5 {[%clk 00:04:20]} {[%emt
00:00:03]} 30. Rd7 {[%clk 00:01:56]} {[%emt 00:00:47]} f5 {[%clk 00:03:14]}
{[%emt 00:01:16]} 31. Rg6 {[%clk 00:01:33]} {[%emt 00:00:33]} f4 {[%clk
00:02:24]} {[%emt 00:01:00]} 32. Rh6+ {[%clk 00:01:17]} {[%emt 00:00:25]} Kg8
{[%clk 00:02:24]} {[%emt 00:00:05]} 33. Rg6+ {[%clk 00:00:57]} {[%emt
00:00:30]} Kh8 {[%clk 00:02:24]} {[%emt 00:00:02]} 34. Rh6+ {[%clk 00:00:57]}
{[%emt 00:00:04]} 1/2-1/2